| 000 | 02304nam2a2200265 4500 | ||
|---|---|---|---|
| 001 | RU\NLR\BIBL_A\011914753 | ||
| 005 | 20190204091733.0 | ||
| 010 |
_a978-5-98228-183-8 _950 |
||
| 021 |
_aRU _bКН-П-18-094067 _9КН-П-18-6825 |
||
| 035 | _a(NLR Aleph) 011914753 | ||
| 035 | _a(RuMoRGB)009823930 | ||
| 090 |
_a10956553 _c10956553 |
||
| 100 | _a20190122d2018 k y0rusy50 ca | ||
| 101 | 0 | _arus | |
| 102 | _aRU | ||
| 105 | _a z 100zy | ||
| 200 | 0 | _aКн. 1 | |
| 210 | _d2018 | ||
| 215 |
_a322 с. _cил., табл. |
||
| 320 | _aБиблиогр. в конце ст. | ||
| 461 | 0 |
_1001RU\NLR\BIBL_A\011914750 _12001#$aБиодиагностика состояния природных и природно-техногенных систем$eматериалы XVI Всероссийской научно-практической конференции с международным участием, 3-5 декабря 2018 г.$fФедеральное государственное бюджетное образовательное учреждение высшего образования "Вятский государственный университет", Институт биологии Коми научного центра Уральского отделения Российской академии наук$g[ответственный редактор - Т.Я. Ашихмина, д.т.н., профессор]$vКн. 1 _910956535 _cКиров _d2018 _fФедеральное государственное бюджетное образовательное учреждение высшего образования "Вятский государственный университет", Институт биологии Коми научного центра Уральского отделения Российской академии наук _nВятГУ _oматериалы XVI Всероссийской научно-практической конференции с международным участием, 3-5 декабря 2018 г. _tБиодиагностика состояния природных и природно-техногенных систем _vКн. 1 |
|
| 942 | _cBOOK | ||
| 980 | _aNB | ||